| 000 | 00607nam a22002291i 4500 | ||
|---|---|---|---|
| 001 | bimo0000636499 | ||
| 003 | OSt | ||
| 005 | 20130522152552.0 | ||
| 008 | 900725s1976 sp spa | ||
| 017 |
_aM 11675-1976 _bOficina Depósito Legal Madrid |
||
| 020 | _a84-239-0801-1 | ||
| 035 | _a(OCoLC)431976636 | ||
| 040 |
_aSpMaBN _cBMC |
||
| 082 | _a864.56 | ||
| 100 |
_aAzorín _d1873-1967 _925 |
||
| 245 | 1 | 4 |
_aUna hora de España _b: (entre 1560 y 1570) _cAzorín |
| 250 | _a5ª ed | ||
| 260 | 0 |
_aMadrid _bEspasa-Calpe _c1976 |
|
| 300 |
_a139 p. _c18 cm |
||
| 490 | 0 |
_aAustral _v801 |
|
| 942 |
_2ddc _cBK |
||
| 999 |
_c458 _d458 |
||